Estatísticas para Fórmula 1 - Todos os Pilotos Campeões

Clique aqui para jogar o quiz

Estatísticas Gerais

  • Esse quiz foi jogado 259 vezes
  • A pontuação média é 47 de 65

Estatísticas das Respostas

AnoCampeão% Correto
2014Lewis Hamilton
98%
2008Lewis Hamilton
98%
1990Ayrton Senna
97%
1988Ayrton Senna
97%
1991Ayrton Senna
97%
1994Michael Schumacher
95%
2000Michael Schumacher
95%
1995Michael Schumacher
95%
2004Michael Schumacher
95%
2003Michael Schumacher
95%
2002Michael Schumacher
95%
2001Michael Schumacher
95%
2011Sebastian Vettel
90%
2010Sebastian Vettel
90%
2012Sebastian Vettel
90%
2013Sebastian Vettel
90%
1986Alain Prost
89%
1985Alain Prost
89%
1993Alain Prost
89%
1989Alain Prost
89%
1981Nélson Piquet
87%
1983Nélson Piquet
87%
1987Nélson Piquet
87%
2005Fernando Alonso
86%
2006Fernando Alonso
86%
1972Emerson Fittipaldi
83%
1974Emerson Fittipaldi
83%
1957Juan Manuel Fangio
81%
1951Juan Manuel Fangio
81%
1955Juan Manuel Fangio
81%
1954Juan Manuel Fangio
81%
1956Juan Manuel Fangio
81%
2007Kimi Räikkönen
80%
1977Niki Lauda
77%
1975Niki Lauda
77%
1984Niki Lauda
77%
2009Jenson Button
74%
1998Mika Häkkinen
68%
1999Mika Häkkinen
68%
1997Jacques Villeneuve
67%
1992Nigel Mansell
67%
1996Damon Hill
66%
1982Keke Rosberg
66%
1968Graham Hill
65%
1962Graham Hill
65%
1961Phil Hill
63%
1976James Hunt
58%
1973Jackie Stewart
53%
1971Jackie Stewart
53%
1969Jackie Stewart
53%
1952Alberto Ascari
52%
1953Alberto Ascari
52%
1966Jack Brabham
48%
1959Jack Brabham
48%
1960Jack Brabham
48%
1950Nino Farina
47%
1978Mario Andretti
42%
1965Jim Clark
38%
1963Jim Clark
38%
1980Alan Jones
36%
1979Jody Scheckter
31%
1964John Surtees
29%
1970Jochen Rindt
27%
1958Mike Hawthorn
24%
1967Denny Hulme
23%

Distribuição das Pontuações

Percentil de Números Respondidos

Porcentagem de Pessoas com Cada Pontuação

Sua Pontuação Histórica

Você não jogou esse quiz